00705 2200181 4500001002100000005001500021035002000036245018400056100002000240250002000260300005600280856002900336700006700365260004600432082001000478084001600488020001900504INLIS00000000114605720260123102653 a0010-01260001331 aEksplorasi Sipiritualitas Buddhis :bDalam Keputusan Harga Jual Produk /cPengarang;Dini Sulistiyani,Warsito Kawedar,Desain Cover;ali hasan Zein,Tata Letak;Ajuk,Proofreader:Mira.M0 aDini Sulistiyan acetakan pertama a70 Halaman :b............... ;c15.5x23 cmekertas aPerpustakaan Keliling M20 aDesain Cover;ali hasan Zein,Tata Letak;Ajuk,Proofreader:Mira.M aYogyakarta :bDeepublish Publisher,c2024 a297.3 a297.3 DIN e a978-623-8210-2